Windows Azure step by step / (Record no. 58764)

MARC details
000 -LEADER
fixed length control field 02122nam a22003497a 4500
005 - DATE AND TIME OF LATEST TRANSACTION
control field 20111128163634.0
008 - FIXED-LENGTH DATA ELEMENTS--GENERAL INFORMATION
fixed length control field 111128t xxu||||| |||| 00| 0 eng d
010 ## - LCCN (DPL NO)
LC control number ENG-104222
020 ## - INTERNATIONAL STANDARD BOOK NUMBER
International Standard Book Number 9788120344617
Terms of availability 350.00
035 ## - SYSTEM CONTROL NUMBER
System control number EN-87755
037 ## - SOURCE OF ACQUISITION
Source of stock number/acquisition DBAD/PUB
040 ## - CATALOGING SOURCE
Original cataloging agency DPL
Language of cataloging Eng
082 04 - DEWEY DECIMAL CLASSIFICATION NUMBER
Classification number 006.78
Edition number 23
100 1# - MAIN ENTRY--PERSONAL NAME
Personal name Brunetti, Roberto
9 (RLIN) 36212
245 10 - TITLE STATEMENT
Title Windows Azure step by step /
Statement of responsibility, etc by Roberto Brunetti
260 ## - PUBLICATION, DISTRIBUTION, ETC. (IMPRINT)
Place of publication, distribution, etc New Delhi
Name of publisher, distributor, etc PHI Learning
Date of publication, distribution, etc 2012
270 ## - ADDRESS
Address M-97, Connaught Circus
City New Delhi
Postal code 110001
300 ## - PHYSICAL DESCRIPTION
Extent xxiv, 315 p. :
Other physical details ill.
Dimensions 24cm(pbk)
500 ## - GENERAL NOTE
General note Includes index.
505 0# - FORMATTED CONTENTS NOTE
Formatted contents note Introduction to cloud computing -- Introduction to the Windows Azure platform -- Creating a web role project -- Windows Azure storage -- Tables, queues, and worker roles -- Windows Azure operating system details -- Building an AppFabric solution -- WCF data services and OData -- Using SQL Azure -- Accessing Azure services from everywhere -- Application architecture.
520 ## - SUMMARY, ETC.
Summary, etc Teach yourself how to build and host scalable applications in the cloud using Windows Azure - one step at a time. Ideal for developers with prior Microsoft .NET programming experience, this tutorial provides practical, learn-by-doing exercises for working with the core services and features of the Windows Azure platform.
630 00 - SUBJECT ADDED ENTRY--UNIFORM TITLE
Uniform title Windows Azure.
650 #0 - SUBJECT ADDED ENTRY--TOPICAL TERM
Topical term or geographic name as entry element Cloud computing.
9 (RLIN) 36214
650 #0 - SUBJECT ADDED ENTRY--TOPICAL TERM
Topical term or geographic name as entry element Web services.
9 (RLIN) 36215
650 #0 - SUBJECT ADDED ENTRY--TOPICAL TERM
Topical term or geographic name as entry element Application software
General subdivision Design.
9 (RLIN) 36216
856 42 - ELECTRONIC LOCATION AND ACCESS
Materials specified Contributor biographical information
Uniform Resource Identifier <a href="http://www.loc.gov/catdir/enhancements/fy1114/2011283812-b.html">http://www.loc.gov/catdir/enhancements/fy1114/2011283812-b.html</a>
856 42 - ELECTRONIC LOCATION AND ACCESS
Materials specified Publisher description
Uniform Resource Identifier <a href="http://www.loc.gov/catdir/enhancements/fy1114/2011283812-d.html">http://www.loc.gov/catdir/enhancements/fy1114/2011283812-d.html</a>
856 41 - ELECTRONIC LOCATION AND ACCESS
Materials specified Table of contents only
Uniform Resource Identifier <a href="http://www.loc.gov/catdir/enhancements/fy1114/2011283812-t.html">http://www.loc.gov/catdir/enhancements/fy1114/2011283812-t.html</a>
942 ## - ADDED ENTRY ELEMENTS (KOHA)
Source of classification or shelving scheme Dewey Decimal Classification
Item type English Books
Classification part 006.78
Call number suffix BRU
Holdings
Withdrawn status Lost status Source of classification or shelving scheme Damaged status Not for loan Collection code Home library Current library Date acquired Source of acquisition Cost, normal purchase price Total Checkouts Full call number Barcode Date last seen Copy number Cost, replacement price Koha item type
    Dewey Decimal Classification   Not For Loan Non-fiction D.B.Act.Division D.B.Act.Division 28/11/2011 DBAD/PUB 350.00   006.78 BRU EN-87755 28/11/2011 1 350.00 English Books

© Delhi Public Library
Hit Counter
free hit counter